[Event "WC-2015-P-00007"]
[Site "LSS email"]
[Date "2011.02.20"]
[Round "?"]
[White "Gazen, Louis"]
[Black "Goebel, Kenneth"]
[Result "1/2-1/2"]
[WhiteElo "1873"]
[BlackElo "2157"]
[PlyCount "89"]
[EventDate "2011.02.24"]
[EventType "tourn (corr)"]
[EventRounds "6"]
[EventCountry "GER"]
[SourceTitle "Telechess CBM 157"]
[Source "ChessBase"]
[SourceDate "2013.11.12"]
[SourceVersion "1"]
[SourceVersionDate "2013.11.12"]
[SourceQuality "1"]

1. e4 c5 2. Nf3 d6 3. d4 cxd4 4. Nxd4 Nf6 5. Nc3 g6 6. Be2 Bg7 7. 0-0 0-0 8. Be3 a6 9. a4 Nc6 10. f4 Rb8 11. h3 Bd7 12. Re1 e5 13. fxe5 dxe5 14. Nb3 Be6 15. Qxd8 Rfxd8 16. Nc5 Nd4 17. Nxe6 Nxe6 18. Rf1 Rbc8 19. Rad1 Rxd1 20. Bxd1 Nc5 21. Bf3 Bf8 22. Rd1 Kg7 23. g4 h6 24. h4 Ne8 25. Kf1 Nd6 26. h5 Nc4 27. Bc1 Ne6 28. Rd7 Nd6 29. Be3 b5 30. hxg6 Kxg6 31. Bd1 bxa4 32. Nxa4 Nxe4 33. Rd5 Rd8 34. Rxd8 Nxd8 35. c4 Nf6 36. c5 Nc6 37. Be2 Nb4 38. Nc3 h5 39. gxh5+ Nxh5 40. Bf3 Nf4 41. Bxf4 exf4 42. c6 Bd6 43. Ne4 Bc7 44. Nc3 Be5 45. Nd5 1/2-1/2

[Event "WC-2015-P-00007"]
[Site "LSS email"]
[Date "2011.02.20"]
[Round "?"]
[White "Goebel, Kenneth"]
[Black "Llorente Alvarez, Jose Luis"]
[Result "1/2-1/2"]
[WhiteElo "2157"]
[BlackElo "2087"]
[PlyCount "54"]
[EventDate "2011.02.24"]
[EventType "tourn (corr)"]
[EventRounds "6"]
[EventCountry "GER"]
[SourceTitle "Telechess CBM 157"]
[Source "ChessBase"]
[SourceDate "2013.11.12"]
[SourceVersion "1"]
[SourceVersionDate "2013.11.12"]
[SourceQuality "1"]

1. c4 Nf6 2. Nc3 g6 3. g3 Bg7 4. Bg2 0-0 5. e3 d6 6. d4 c6 7. Nge2 e5 8. h3 exd4 9. exd4 d5 10. cxd5 Nxd5 11. Nxd5 cxd5 12. 0-0 Nc6 13. Be3 Be6 14. Rc1 Rc8 15. Nf4 Qd7 16. Qd2 Rfe8 17. Rfe1 Ne7 18. g4 Rc6 19. Nd3 Rxc1 20. Rxc1 h5 21. Nc5 Qc8 22. Nxe6 Qxe6 23. Bf3 Nc6 24. Kg2 hxg4 25. hxg4 Rd8 26. Qd3 a6 27. a3 Qf6 1/2-1/2

[Event "WC-2015-P-00007"]
[Site "LSS email"]
[Date "2011.02.20"]
[Round "?"]
[White "Ribelles Sala, Maria Magdalena"]
[Black "Goebel, Kenneth"]
[Result "0-1"]
[WhiteElo "1521"]
[BlackElo "2157"]
[PlyCount "26"]
[EventDate "2011.02.24"]
[EventType "tourn (corr)"]
[EventRounds "6"]
[EventCountry "GER"]
[SourceTitle "Corr 2015"]
[Source "ChessBase"]
[SourceDate "2015.07.17"]
[SourceVersion "1"]
[SourceVersionDate "2015.07.17"]
[SourceQuality "1"]

1. e4 c5 2. Nf3 d6 3. d4 cxd4 4. Nxd4 Nf6 5. Nc3 g6 6. Be2 Bg7 7. 0-0 0-0 8. Re1 Nc6 9. Be3 a6 10. a3 Bd7 11. f3 Qc7 12. Qd2 Rac8 13. Kh1 Rfd8 0-1

[Event "LSS WC-2014-P-00020"]
[Site "LSS email"]
[Date "2010.02.18"]
[Round "?"]
[White "Goebel, Kenneth"]
[Black "Tortosa, Horacio"]
[Result "1/2-1/2"]
[WhiteElo "2153"]
[BlackElo "1886"]
[PlyCount "117"]
[EventDate "2010.02.24"]
[EventType "tourn (corr)"]
[EventRounds "6"]
[EventCountry "GER"]
[SourceTitle "Telechess CBM 141"]
[Source "ChessBase"]
[SourceDate "2011.03.17"]
[SourceVersion "1"]
[SourceVersionDate "2011.03.17"]
[SourceQuality "1"]

1. c4 Nf6 2. Nc3 g6 3. e4 d6 4. d4 Bg7 5. Nf3 0-0 6. Be2 e5 7. 0-0 Nc6 8. d5 Ne7 9. b4 Nh5 10. Re1 f5 11. Ng5 Nf6 12. Bf3 c6 13. Be3 h6 14. Ne6 Bxe6 15. dxe6 f4 16. Bc1 Nc8 17. Qb3 Qe7 18. c5 Re8 19. g3 fxg3 20. hxg3 Qxe6 21. Rd1 Bf8 22. Be3 Kg7 23. Qxe6 Rxe6 24. Rab1 dxc5 25. bxc5 b6 26. Na4 Kf7 27. cxb6 axb6 28. Nxb6 Nxb6 29. Rxb6 Rxa2 30. Rc1 c5 31. Rb7+ Re7 32. Rxe7+ Bxe7 33. Bxh6 Ra4 34. Kg2 Nxe4 35. Re1 Nf6 36. Rxe5 Bd6 37. Re1 c4 38. Rc1 Be5 39. Bc6 Rb4 40. Bd2 Rb2 41. Be1 c3 42. Bxc3 Bxc3 43. Rxc3 Ng4 44. Rf3+ Kg7 45. Bd5 Ne5 46. Ra3 g5 47. Ra2 Rxa2 48. Bxa2 g4 49. Be6 Kf6 50. Bc8 Kg5 51. Kf1 Ng6 52. Ke2 Ne5 53. Ba6 Nd7 54. Ke3 Nf6 55. Kd4 Nd7 56. Bb5 Nf6 57. Ke5 Nh7 58. Bd7 Nf6 59. Be6 1/2-1/2

[Event "LSS WC-2013-P-00011"]
[Site "LSS email"]
[Date "2009.02.14"]
[Round "?"]
[White "Daurelle, Herve"]
[Black "Goebel, Kenneth"]
[Result "1-0"]
[WhiteElo "2331"]
[BlackElo "2181"]
[PlyCount "93"]
[EventDate "2009.02.18"]
[EventType "tourn (corr)"]
[EventRounds "6"]
[EventCountry "GER"]
[SourceTitle "Corr 2011"]
[Source "ChessBase"]
[SourceDate "2010.08.31"]
[SourceVersion "1"]
[SourceVersionDate "2010.08.31"]
[SourceQuality "1"]

1. e4 c5 2. Nf3 d6 3. d4 cxd4 4. Nxd4 Nf6 5. Nc3 g6 6. Be3 Bg7 7. f3 a6 8. Qd2 Nbd7 9. Bc4 b5 10. Bb3 Bb7 11. Bh6 Bxh6 12. Qxh6 Rc8 13. 0-0-0 Qa5 14. Nd5 Bxd5 15. exd5 Nc5 16. Kb1 Nxb3 17. Nxb3 Qb6 18. Rhe1 Kd7 19. a3 a5 20. Qd2 b4 21. a4 h6 22. g4 Ke8 23. h4 Kf8 24. g5 hxg5 25. hxg5 Nh5 26. Qd4 Qxd4 27. Rxd4 Ra8 28. Rh4 Ke8 29. f4 Kd7 30. f5 Rhe8 31. Nd4 Rac8 32. Nc6 e5 33. fxe6+ fxe6 34. Nxa5 Ra8 35. Nc4 exd5 36. Nb6+ Kc6 37. Rxe8 Rxe8 38. Rxb4 Re4 39. Rb3 Nf4 40. a5 Re1+ 41. Ka2 Ne2 42. Rb4 Nc1+ 43. Ka3 Ne2 44. Rh4 Rc1 45. Kb3 Rd1 46. Kb4 Nd4 47. c3 1-0

[Event "LSS WC-2013-P-00011"]
[Site "LSS email"]
[Date "2009.02.14"]
[Round "?"]
[White "Goebel, Kenneth"]
[Black "Asilkefeli, Metin"]
[Result "1-0"]
[WhiteElo "2177"]
[BlackElo "1515"]
[PlyCount "63"]
[EventDate "2009.02.18"]
[EventType "tourn (corr)"]
[EventRounds "6"]
[EventCountry "GER"]
[SourceTitle "Corr 2011"]
[Source "ChessBase"]
[SourceDate "2010.08.31"]
[SourceVersion "1"]
[SourceVersionDate "2010.08.31"]
[SourceQuality "1"]

1. c4 e5 2. Nc3 f5 3. g3 Nf6 4. Bh3 d6 5. Nf3 g6 6. d3 Bg7 7. Bg5 h6 8. Be3 c6 9. Qb3 Qe7 10. 0-0 0-0 11. Nh4 Kh7 12. Bd2 Na6 13. Qa3 Be6 14. Bg2 f4 15. Bxc6 bxc6 16. Qxa6 Rab8 17. Rab1 Rb6 18. Qa3 Bh3 19. Rfe1 fxg3 20. hxg3 Nh5 21. c5 dxc5 22. Be3 Qb7 23. Bxc5 Ra6 24. Qb3 Rb8 25. Qc4 Re8 26. g4 Nf4 27. f3 Bf6 28. Bf2 c5 29. Ne4 Qe7 30. Qxa6 Bxh4 31. Bxh4 Qxh4 32. Qf6 1-0

[Event "LSS CP-2006-P-00088"]
[Site "LSS email"]
[Date "2006.10.01"]
[Round "?"]
[White "Goebel, Kenneth"]
[Black "Tortosa, Horacio"]
[Result "1-0"]
[WhiteElo "2136"]
[BlackElo "1833"]
[PlyCount "143"]
[EventDate "2006.10.01"]
[EventType "tourn (corr)"]
[EventRounds "6"]
[EventCountry "GER"]
[SourceTitle "Corr 2024"]
[Source "ChessBase"]
[SourceDate "2023.10.19"]
[SourceVersion "1"]
[SourceVersionDate "2023.10.19"]
[SourceQuality "1"]

1. c4 Nf6 2. g3 g6 3. Bg2 Bg7 4. Nc3 0-0 5. d3 d6 6. Bg5 h6 7. Bd2 e5 8. e4 Nc6 9. Nge2 Nb4 10. Qb1 c6 11. 0-0 Nh5 12. a3 Na6 13. f4 f5 14. Qc2 Nf6 15. b4 fxe4 16. dxe4 exf4 17. gxf4 Be6 18. Qd3 Nd7 19. Rac1 Qe7 20. Nd1 Bf7 21. Ne3 Nc7 22. Bc3 Bxc3 23. Qxc3 Rae8 24. Ng3 d5 25. Rcd1 dxc4 26. Ngf5 gxf5 27. Nxf5 Qf6 28. Qg3+ Kh8 29. Rxd7 Nb5 30. Rxb7 c3 31. Rc1 Rd8 32. Qe3 Bb3 33. Bf1 Be6 34. Ne7 Rf7 35. f5 Kh7 36. fxe6 Rxe7 37. Rxe7+ Qxe7 38. Kh1 Qxe6 39. a4 Nd4 40. Rxc3 Qe5 41. Rc1 Rf8 42. Bg2 Rb8 43. Rc4 Rd8 44. Rc5 Rd5 45. Rc1 Rd7 46. Rd1 Rd8 47. Bh3 Rd6 48. Qf2 Kg7 49. Qg1+ Kh8 50. Qg4 Rd8 51. Qg6 Qf4 52. Rg1 Qf3+ 53. Bg2 Qf4 54. Rf1 Qg5 55. Qf7 Rg8 56. Qf2 Qe5 57. a5 Rg7 58. Rc1 Rb7 59. Qe3 Kh7 60. Rc5 Qg7 61. Qe1 Qg6 62. e5 Kh8 63. Rc1 Rf7 64. Rd1 Rf4 65. Qg1 Qg4 66. h3 Qh4 67. e6 Nxe6 68. Qxa7 Rxb4 69. a6 Rb3 70. Qf7 Rxh3+ 71. Kg1 Qg4 72. Rd7 1-0

[Event "LSS CP-2006-P-00088"]
[Site "LSS email"]
[Date "2006.10.01"]
[Round "?"]
[White "Roegiers, Ludo"]
[Black "Goebel, Kenneth"]
[Result "0-1"]
[WhiteElo "1171"]
[BlackElo "2153"]
[PlyCount "30"]
[EventDate "2006.10.01"]
[EventType "tourn (corr)"]
[EventRounds "6"]
[EventCountry "GER"]
[SourceTitle "Corr 2015"]
[Source "ChessBase"]
[SourceDate "2015.07.17"]
[SourceVersion "1"]
[SourceVersionDate "2015.07.17"]
[SourceQuality "1"]

1. d4 Nf6 2. Bg5 e6 3. e4 c5 4. e5 h6 5. Bh4 g5 6. exf6 gxh4 7. d5 Qxf6 8. Nc3 Bg7 9. Qf3 d6 10. Qxf6 Bxf6 11. Nf3 a6 12. 0-0-0 e5 13. Ne4 Be7 14. Nfd2 b5 15. Nf3 f5 0-1

[Event "CFriend CP-2005-P-00003"]
[Site "Chessfriend.com"]
[Date "2005.10.01"]
[Round "1"]
[White "Willoughby, Peter"]
[Black "Goebel, Kenneth"]
[Result "0-1"]
[WhiteElo "1706"]
[BlackElo "2233"]
[PlyCount "100"]
[EventDate "2005.??.??"]
[EventType "tourn (corr)"]
[EventRounds "6"]
[SourceTitle "Corr 2008"]
[Source "ChessBase"]
[SourceDate "2008.06.24"]
[SourceVersion "1"]
[SourceVersionDate "2008.06.24"]
[SourceQuality "1"]

1. e4 c6 2. d4 d5 3. exd5 cxd5 4. Bd3 Nc6 5. c3 Qc7 6. Ne2 Bg4 7. f3 Bd7 8. 0-0 Nf6 9. Bf4 e5 10. Bxe5 Nxe5 11. dxe5 Qxe5 12. Re1 0-0-0 13. Nd4 Qc7 14. Nd2 Bd6 15. Nf1 h5 16. Qd2 Rhe8 17. Qg5 Qb6 18. b3 Kb8 19. Kh1 Qc7 20. Qxg7 Be5 21. Qg5 Qxc3 22. Rxe5 Qxd4 23. Rxe8 Rxe8 24. Rd1 h4 25. h3 Rg8 26. Qe3 Qxe3 27. Nxe3 Re8 28. Nf5 Bxf5 29. Bxf5 Re5 30. Bd3 Kc7 31. Kg1 Nh5 32. Kf2 Kd6 33. Bf1 f5 34. b4 f4 35. Rd4 Rg5 36. a4 Ke5 37. Rd1 Ng3 38. Re1+ Kd6 39. Re8 Rg7 40. Bd3 Re7 41. Rd8+ Ke5 42. Rc8 Kd4 43. Bf1 Nxf1 44. Kxf1 Ke3 45. Rc2 Kd3 46. Rc8 d4 47. a5 Kd2 48. Kf2 d3 49. a6 b6 50. Rf8 Re2+ 0-1

[Event "IECG CM.2005.0.00276"]
[Site "IECG email"]
[Date "2005.04.24"]
[Round "?"]
[White "Andersen, Lars Kirstein"]
[Black "Goebel, Kenneth"]
[Result "1-0"]
[WhiteElo "2102"]
[BlackElo "2233"]
[PlyCount "85"]
[EventDate "2005.04.24"]
[EventType "tourn (corr)"]
[EventRounds "6"]
[SourceTitle "Corr 2008"]
[Source "ChessBase"]
[SourceDate "2008.06.24"]
[SourceVersion "1"]
[SourceVersionDate "2008.06.24"]
[SourceQuality "1"]

1. d4 Nf6 2. c4 e6 3. Nc3 Bb4 4. Qc2 0-0 5. a3 Bxc3+ 6. Qxc3 b6 7. Bg5 Bb7 8. e3 d6 9. Ne2 Nbd7 10. Qd3 Re8 11. Nc3 h6 12. Bh4 Nf8 13. 0-0-0 Ng6 14. Bg3 Nh5 15. Qe2 Nxg3 16. hxg3 Qf6 17. e4 c5 18. dxc5 dxc5 19. f4 Red8 20. e5 Rxd1+ 21. Qxd1 Qe7 22. Nb5 Rd8 23. Nd6 Bc6 24. Qg4 Rxd6 25. exd6 Qxd6 26. Qd1 Qxd1+ 27. Kxd1 e5 28. f5 Ne7 29. g4 f6 30. Ke2 Bb7 31. Kf2 Nc6 32. Bd3 Nd4 33. b4 cxb4 34. axb4 Kf8 35. Rb1 a6 36. c5 b5 37. Ke3 Ke7 38. Be4 Bxe4 39. Kxe4 Nc6 40. Rd1 Nxb4 41. Rd6 a5 42. Rb6 Na2 43. Rb7+ 1-0

[Event "IECG CM.2005.0.00276"]
[Site "IECG email"]
[Date "2005.04.24"]
[Round "?"]
[White "Goebel, Kenneth"]
[Black "Van Seben, Edgar"]
[Result "1/2-1/2"]
[WhiteElo "2233"]
[BlackElo "2229"]
[PlyCount "78"]
[EventDate "2005.04.24"]
[EventType "tourn (corr)"]
[EventRounds "6"]
[SourceTitle "Corr 2008"]
[Source "ChessBase"]
[SourceDate "2008.06.24"]
[SourceVersion "1"]
[SourceVersionDate "2008.06.24"]
[SourceQuality "1"]

1. d4 Nf6 2. c4 e6 3. g3 c5 4. d5 exd5 5. cxd5 b5 6. Bg2 d6 7. b4 cxb4 8. a3 bxa3 9. Nxa3 Bd7 10. Nf3 a5 11. Nd4 b4 12. Nc4 Be7 13. 0-0 0-0 14. Bf4 Ra6 15. Qd2 Ng4 16. h3 Ne5 17. Nxe5 dxe5 18. Bxe5 a4 19. Rfc1 b3 20. Bc7 Qc8 21. e3 Bxh3 22. Bf4 Qg4 23. f3 Qh5 24. g4 Bxg4 25. fxg4 Qxg4 26. Rc7 Bf6 27. Rb7 Bxd4 28. Qxd4 Rg6 29. Qd2 Nd7 30. Rb4 Nc5 31. Bd6 Ne4 32. Bxf8 Nxd2 33. Rxg4 b2 34. Rd1 Kxf8 35. Rxa4 b1Q 36. Rxb1 Nxb1 37. e4 Nc3 38. Ra8+ Ke7 39. Kf2 Kd6 1/2-1/2